000 00480nam a22002177a 4500
003 UA-OsUOA
001 39007
007 ta
008 20060602b un ||||| |||| 00| 0 ukr d
100 _aКуттаб Даут
090 _a32
_bК11
942 _cSA
040 _aUA-OsUOA
_bukr
_cUA-OsUOA
_dUA-OsUOA
245 _aЧого хоче Хамас
300 _a3 с.
955 _a0
041 _aukr
080 _a32
773 0 _w39005
650 7 _a32 Політика
_2UDC
999 _c325153
_d325153